000 00572nam a2200229Ia 4500
003 OSt
005 20220926044527.0
006 a|||||r|||| 00| 0
007 ta
008 220923b |||||||| |||| 00| 0 eng d
037 _cGeneral Book
040 _aRTL
_cRTL
_beng
041 _2eng
_aeng
082 _aU672, J5-1
100 _aSmith J Russell
_995493
245 0 _aIndustrial and commercial geography
250 _a4th
260 _c1955
650 _aGeography
942 _hU672, J5-1
_cGB
_2CC
999 _c675110
_d675110